| 000 | 00782nam a22003015i 4500 | ||
|---|---|---|---|
| 001 | 18255976 | ||
| 003 | NUST | ||
| 005 | 20240216203543.0 | ||
| 008 | 140806s2015 nyu 000 0 eng | ||
| 010 | _a 2014947832 | ||
| 020 | _a9781787478503 | ||
| 038 | _aazhar | ||
| 040 |
_aDLC _beng _erda _cDLC |
||
| 042 | _apcc | ||
| 082 |
_a158.2 _bHIB |
||
| 100 | 1 |
_aHibberd, Jessamy. _9120669 |
|
| 245 | 1 | 0 |
_aThis book will make you calm / _cJessamy Hibberd, Jo Usmar. |
| 260 |
_aNew York : _bQuercus, _c2015. |
||
| 263 | _a1502 | ||
| 300 | _a160p. | ||
| 336 |
_atext _2rdacontent |
||
| 337 |
_aunmediated _2rdamedia |
||
| 338 |
_avolume _2rdacarrier |
||
| 563 | _aH.B | ||
| 906 |
_a0 _bibc _corignew _d2 _eepcn _f20 _gy-gencatlg |
||
| 942 |
_2ddc _cBK |
||
| 999 |
_c607833 _d607833 |
||